000 00627nam a2200193Ia 4500
005 20260114185746.0
008 008 260114s9999 xx 000 0 eng d
020 _a9781350099647
037 _aEBOOK
040 _aCRL
_beng
_cCRL
041 _aeng
_2eng
084 _qCRL
100 _aDaniel E. Snyder
_9874057
245 4 _aThe Tender Detail Ornament and Sentimentality in the Architecture of Louis H. Sullivan and Frank Lloyd Wright
260 _bBloomsbury
_c2020
856 _uhttps://doi.org/10.5040/9781350099647?locatt=label:secondary_bloomsburyCollections
942 _cEBOOK
999 _c1472993
_d1472993